Luz en la memoria / (Record no. 181298)
[ view plain ]
| 000 -LEADER | |
|---|---|
| campo de control de longitud fija | 00599nam a2200193 i 4500 |
| 001 - NÚMERO DE CONTROL | |
| campo de control | 181298 |
| 003 - IDENTIFICADOR DE NÚMERO DE CONTROL | |
| campo de control | ES-MaACL |
| 005 - FECHA Y HORA DE LA ÚLTIMA TRANSACCIÓN | |
| campo de control | 20250907063133.0 |
| 008 - DATOS DE LONGITUD FIJA--INFORMACIÓN GENERAL | |
| campo de control de longitud fija | 121207s2011 sp a | |||||||| | spa d |
| 080 ## - NÚMERO DE LA CLASIFICACIÓN DECIMAL UNIVERSAL | |
| Número de la Clasificación Decimal Universal | 821.134.2-14"19" |
| 100 1# - ENTRADA PRINCIPAL--NOMBRE DE PERSONA | |
| Nombre de persona | Santos López, Antonio, |
| Fechas asociadas al nombre | 1960- |
| 9 (RLIN) | 151921 |
| 245 10 - MENCIÓN DEL TÍTULO | |
| Título | Luz en la memoria / |
| Mención de responsabilidad, etc. | Antonio Santos López. |
| 250 ## - MENCION DE EDICION | |
| Mención de edición | 1ª ed. |
| 260 ## - PUBLICACIÓN, DISTRIBUCIÓN, ETC. | |
| Lugar de publicación, distribución, etc. | [La Bañeza, León] : |
| Nombre del editor, distribuidor, etc. | Monte Riego, |
| Fecha de publicación, distribución, etc. | 2011. |
| 300 ## - DESCRIPCIÓN FÍSICA | |
| Extensión | 98 p. : |
| Otras características físicas | il. ; |
| Dimensiones | 23 cm. |
| 852 ## - LOCALIZACIÓN | |
| Ubicación | ES-MaACL |
| Número de control de estantería | A-12353 |
| itemnumber | 188182 |
| Sublocalización o colección | R.148585 |
| Ubicación en estantería | Depósito 1 |
| Signatura antigua | Olim: N-5358 |
| 942 ## - ELEMENTOS DE ENTRADA SECUNDARIOS (KOHA) | |
| Fuente del sistema de clasificación o colocación | Clasificación decimal universal |
| Tipo de ítem Koha | Libro impreso |
| Estatus retirado | Estado de pérdida | Estado de daño | No para préstamo | Biblioteca de origen | Biblioteca actual | Ubicación en estantería | Fecha de adquisición | Fuente de adquisición | Total de préstamos | Signatura topográfica completa | Código de barras | Visto por última vez | Precio de reemplazo | Tipo de ítem Koha |
|---|---|---|---|---|---|---|---|---|---|---|---|---|---|---|
| Biblioteca del Ateneo de Madrid | Biblioteca del Ateneo de Madrid | Sala Pecera Depósito 2 | 07/12/2012 | N-5358 | 1190521 | 23/02/2023 | 23/02/2023 | Libro impreso |
